00421nam a2200145 u 450000100100000000500170001000800410002702000150006804000250008308200150010824500530012326000490017630000330022599900170025800002072820200930011143.0100813s1982 dr r 000 0 spa d a0382058097 aDO-SdBNPbspacBPJMB axxxbD547t00aDick thompson choral system :bstudent handbook. a[New York] :bSilver Burdett Company,c1982. a32 p. :bpartitura ;c27 cm. c20232d20232